| 000 | 00696cam a2200241 4500 | ||
|---|---|---|---|
| 001 | 1075 | ||
| 003 | BD-RjUL | ||
| 005 | 20211208233254.0 | ||
| 008 | 131124s1965 nyu b 001 0 eng | ||
| 035 | _a(BD-RjUL)1097 | ||
| 040 |
_aDLC _cDLC _dDLC _dBD-RjUL _beng |
||
| 041 | _aeng | ||
| 082 | 0 | 0 |
_a146.4 _220 _bCLA 1965 |
| 245 | 0 | 0 |
_aClassics of analytic philosophy / _cedited by Robert R. Ammerman. |
| 260 |
_aNew Delhi : _bTata McGraw-Hill, _cc1965. |
||
| 300 |
_ax, 413 p. : _c24 cm. |
||
| 504 | _aIncludes bibliographical references. | ||
| 650 | 0 |
_aAnalysis (Philosophy). _9282 |
|
| 700 | 1 |
_aAmmerman, Robert R., _93173 |
|
| 942 |
_2ddc _cBK _02 |
||
| 999 |
_c1075 _d1075 |
||